01822nam a2200397 i 450000100060000000300090000600500170001500700030003200800410003502000180007608000190009408000250011308000280013808000160016611000520018224502810023426000730051530000280058849000280061650000830064450400300072753400650075761000790082265000300090165100650093170000430099670000380103970000370107770000270111470000390114170000360118083000360121685200330125299900170128595201220130289056ES-MaACL20250817143245.0t|050126s2004 sp ||||1| spa d a84-96145-17-4 a262.4(460.188) a093(460.188 S.)(091) a655.11(460.188 S.)(091) a27(460.188)2 aSegovia (Diócesis). bSínodo. f1472.9654010aSinodal de Aguilafuente b: primer libro impreso en España (Segovia, Juan Párix, c. 1472) / cedición, Fermín de los Reyes Gómez ; transcripción, Susana Vilches y Pompeyo Martín ; prólogo, Silvia Clemente Municio ; preliminares Atilano Soto y Gonzalo Santonja. a[Segovia] : bInstituto Castellano y Leonés de la Lengua, c[2004] a154, [99] p. ; c23 cm.1 aLibros singulares ; v1 aEn la port.: Junta de Castilla y León, Caja Segovia, Obra Social y Cultural. aBibliografía: p. 85-89. pReprod. de la ed. de: c-- Segovia : Juan Párix, ca. 1472.27aSegovia (Diócesis). bSínodo. f1472. tSinodal de Aguilafuente.9654114aImprenta-xSegovia913614 4aSegovia (Diócesis)-xHistoria eclesiástica-yS.XV.993731 aReyes Gómez, Fermín de los.9965841 aMartín Pérez, Pompeyo.9776071 aClemente Municio, Silvia.9392071 aSoto, Atilano.91074781 aSantonja, Gonzalo, d1952-91034511 aVilches Crespo, Susana.91540870 aLibros singulares ; v19191853 aES-MaACLjL-28703 bR.135015 c89056d89056 00104070aATENEOMbATENEOMcDEPO2d2008-01-17eSCl0oL-28703p1093011r2023-02-23 00:00:00w2023-02-23yMONOGRAFIA